Представление документа в формате MARC21

Поле Инд. ПП Название Значение
Тип записи a
Библиографический уровень b
001 Контрольный номер RU/IS/BASE/257262135
005 Дата корректировки 20200610181705.2
008 Кодируемые данные 20080225
040 b Код языка каталог. rus
e Правила каталог. PSBO
041 0_ a Код языка текста rus
084 a Индекс другой классификации/Индекс ББК 81.472.1-55
100 1_ a Автор Коржукова Е. С.
245 10 a Заглавие Языковые и структурные особенности испанского делового письма
b Продолж. заглавия (на материале личного доклада-характеристики и рекомендательного письма)
504 a Библиография Библиогр. - Примеч.: с. 101 - 102
650 04 a Основная рубрика испанский язык
a Основная рубрика стилистика
a Основная рубрика филологические науки
a Основная рубрика частное языкознание
a Основная рубрика языкознание
653 1_ a Ключевые слова деловая корреспонденция
a Ключевые слова деловое общение
a Ключевые слова деловые письма
a Ключевые слова доклад-характеристика
a Ключевые слова письма
a Ключевые слова письма-рекомендации
773 0_ t Заглавие источника Вестник Московского университета. Серия 9, Филология
d Дата издания источника 2007
g Прочая информация № 2. - С. 92 - 102
w Контрольный № источника RU/IS/BASE/236181942
901 t Тип документа b